Вып. 51; Автоматизированные системы управления и приборы автоматики

Detaylı Bibliyografya
Parent link:Автоматизированные системы управления и приборы автоматики: республиканский межведомственный научно-технический сборник/ Харьковский институт радиоэлектроники им. М. К. Янгеля. Вып. 51.— , 1974-1992
Diğer Yazarlar: Евдокимов А. Г. (редактор)
Dil:Rusça
Baskı/Yayın Bilgisi: 1979
Konular:
Materyal Türü: MixedMaterials Kitap
KOHA link:https://koha.lib.tpu.ru/cgi-bin/koha/opac-detail.pl?biblionumber=331201

MARC

LEADER 00000nam2a2200000 4500
001 331201
005 20231102004331.0
035 |a (RuTPU)RU\TPU\book\356994 
035 |a RU\TPU\book\356993 
035 |a RU\TPU\book\272196 
090 |a 331201 
100 |a 20170418d1979 k y0rusy50 ca 
101 0 |a rus 
102 |a UA 
105 |a a z 001zy 
200 0 |a Вып. 51  |f отв. ред. А. Г. Евдокимов 
210 |d 1979 
215 |a 142 с.  |c ил. 
320 |a Библиография в конце статей 
461 1 |0 (RuTPU)RU\TPU\book\32005  |t Автоматизированные системы управления и приборы автоматики  |o республиканский межведомственный научно-технический сборник  |f Харьковский институт радиоэлектроники им. М. К. Янгеля  |v Вып. 51  |d 1974-1992 
520 1 |a Приборы и системы автоматики 
606 1 |a Автоматизированные системы планирования и управления  |2 stltpush  |3 (RuTPU)RU\TPU\subj\615  |9 29488 
606 1 |a Автоматические устройства  |2 stltpush  |3 (RuTPU)RU\TPU\subj\909  |9 29715 
610 1 |a автоматизированные системы управления 
610 1 |a автоматика 
610 1 |a вода 
610 1 |a подача 
610 1 |a распределение 
610 1 |a управление 
610 1 |a водопроводные сети 
610 1 |a интеллект 
610 1 |a теория 
610 1 |a конечные бинарные отношения 
610 1 |a математическое описание 
610 1 |a адаптационная оптимизация 
610 1 |a экономико-производственные системы 
675 |a 658.5.011.56  |v 3 
675 |a 681.52/.53  |v 3 
702 1 |a Евдокимов  |b А. Г.  |4 340 
801 0 |a RU  |b RuMRKP  |c 19950417  |g psbo 
801 1 |a RU  |b 63413507  |c 20140211 
801 2 |a RU  |b 63413507  |c 20170420  |g RCR 
942 |c BK